<?xml version="1.0" encoding="UTF-8"?>
<record
    xmlns:xsi="http://www.w3.org/2001/XMLSchema-instance"
    xsi:schemaLocation="http://www.loc.gov/MARC21/slim http://www.loc.gov/standards/marcxml/schema/MARC21slim.xsd"
    xmlns="http://www.loc.gov/MARC21/slim">

  <leader>00688nam a2200253 i 4500</leader>
  <controlfield tag="001">C2-0313556</controlfield>
  <controlfield tag="003">PPAK</controlfield>
  <controlfield tag="005">20180728105259.0</controlfield>
  <controlfield tag="008">111120s2011    my  |||| |||||  |   may d</controlfield>
  <datafield tag="020" ind1=" " ind2=" ">
    <subfield code="a">9789675783692</subfield>
  </datafield>
  <datafield tag="040" ind1=" " ind2=" ">
    <subfield code="a">PPAK</subfield>
    <subfield code="b">eng</subfield>
    <subfield code="c">PPAK</subfield>
    <subfield code="e">rda</subfield>
  </datafield>
  <datafield tag="082" ind1="0" ind2="4">
    <subfield code="a">297.18</subfield>
    <subfield code="2">23</subfield>
  </datafield>
  <datafield tag="090" ind1="0" ind2="0">
    <subfield code="a">297.18</subfield>
    <subfield code="b">ALG</subfield>
    <subfield code="d">G</subfield>
  </datafield>
  <datafield tag="100" ind1="0" ind2=" ">
    <subfield code="a">Al Ghazali, </subfield>
    <subfield code="e">author</subfield>
  </datafield>
  <datafield tag="245" ind1="1" ind2="0">
    <subfield code="a">Abu Zhar Al-Ghifari</subfield>
  </datafield>
  <datafield tag="264" ind1=" " ind2="1">
    <subfield code="a">Batu Caves, Selangor : </subfield>
    <subfield code="b">PTS Litera Utama , </subfield>
    <subfield code="c">2011</subfield>
  </datafield>
  <datafield tag="300" ind1=" " ind2=" ">
    <subfield code="a">260 pages ; </subfield>
    <subfield code="c">21 cm</subfield>
  </datafield>
  <datafield tag="336" ind1=" " ind2=" ">
    <subfield code="2">rdacontent</subfield>
    <subfield code="a">text</subfield>
  </datafield>
  <datafield tag="337" ind1=" " ind2=" ">
    <subfield code="2">rdamedia</subfield>
    <subfield code="a">unmediated</subfield>
  </datafield>
  <datafield tag="338" ind1=" " ind2=" ">
    <subfield code="2">rdacarrier</subfield>
    <subfield code="a">volume</subfield>
  </datafield>
  <datafield tag="650" ind1="1" ind2="0">
    <subfield code="a">Islamic stories, Malay</subfield>
  </datafield>
  <datafield tag="700" ind1="0" ind2=" ">
    <subfield code="a">Bahruddin Bekri, </subfield>
    <subfield code="e">editor</subfield>
  </datafield>
  <datafield tag="942" ind1=" " ind2=" ">
    <subfield code="d">dc</subfield>
    <subfield code="c">B</subfield>
  </datafield>
  <datafield tag="999" ind1=" " ind2=" ">
    <subfield code="c">115262</subfield>
    <subfield code="d">115262</subfield>
  </datafield>
  <datafield tag="952" ind1=" " ind2=" ">
    <subfield code="0">0</subfield>
    <subfield code="7">0</subfield>
    <subfield code="b">JT</subfield>
    <subfield code="c">G</subfield>
    <subfield code="d">2011-12-11</subfield>
    <subfield code="l">1</subfield>
    <subfield code="o">297.18 ALG</subfield>
    <subfield code="p">A01372896</subfield>
    <subfield code="r">2019-06-01 00:00:00</subfield>
    <subfield code="s">2019-05-18</subfield>
    <subfield code="y">B</subfield>
  </datafield>
  <datafield tag="952" ind1=" " ind2=" ">
    <subfield code="0">0</subfield>
    <subfield code="7">0</subfield>
    <subfield code="b">KM</subfield>
    <subfield code="c">G</subfield>
    <subfield code="d">2011-12-11</subfield>
    <subfield code="l">1</subfield>
    <subfield code="o">297.18 ALG</subfield>
    <subfield code="p">A01372897</subfield>
    <subfield code="r">2022-12-19 00:00:00</subfield>
    <subfield code="s">2022-12-03</subfield>
    <subfield code="y">B</subfield>
  </datafield>
  <datafield tag="952" ind1=" " ind2=" ">
    <subfield code="0">0</subfield>
    <subfield code="7">0</subfield>
    <subfield code="b">BL</subfield>
    <subfield code="c">G</subfield>
    <subfield code="d">2011-12-11</subfield>
    <subfield code="l">1</subfield>
    <subfield code="o">297.18 ALG</subfield>
    <subfield code="p">A01372898</subfield>
    <subfield code="r">2019-07-20 00:00:00</subfield>
    <subfield code="s">2019-07-15</subfield>
    <subfield code="y">B</subfield>
  </datafield>
  <datafield tag="952" ind1=" " ind2=" ">
    <subfield code="0">0</subfield>
    <subfield code="7">0</subfield>
    <subfield code="b">MR</subfield>
    <subfield code="c">G</subfield>
    <subfield code="d">2011-12-11</subfield>
    <subfield code="o">297.18 ALG</subfield>
    <subfield code="p">A01372899</subfield>
    <subfield code="r">2018-05-09 00:00:00</subfield>
    <subfield code="y">B</subfield>
  </datafield>
  <datafield tag="952" ind1=" " ind2=" ">
    <subfield code="0">0</subfield>
    <subfield code="7">0</subfield>
    <subfield code="b">PPAK</subfield>
    <subfield code="c">G</subfield>
    <subfield code="d">2011-12-11</subfield>
    <subfield code="l">3</subfield>
    <subfield code="o">297.18 ALG</subfield>
    <subfield code="p">A01372894</subfield>
    <subfield code="r">2021-03-30 00:00:00</subfield>
    <subfield code="s">2021-03-10</subfield>
    <subfield code="y">B</subfield>
  </datafield>
  <datafield tag="952" ind1=" " ind2=" ">
    <subfield code="0">0</subfield>
    <subfield code="7">0</subfield>
    <subfield code="b">SP</subfield>
    <subfield code="c">G</subfield>
    <subfield code="d">2011-12-11</subfield>
    <subfield code="l">1</subfield>
    <subfield code="o">297.18 ALG</subfield>
    <subfield code="p">A01372895</subfield>
    <subfield code="r">2019-11-17 00:00:00</subfield>
    <subfield code="s">2019-10-19</subfield>
    <subfield code="y">B</subfield>
  </datafield>
</record>
